| 000 | 00558nam a2200145Ia 4500 | ||
|---|---|---|---|
| 008 | 100415s9999 xx 000 0 und d | ||
| 082 |
_b8796 _a770 |
||
| 100 | _aPike Oliver G | ||
| 245 | _aNature and Camera : Summing Up Fifty Years Experience of Photograhing Flora and Fauna | ||
| 260 |
_aLONDON _c0 _bTHE FOCAL PRESS |
||
| 365 | _b0 | ||
| 630 | _aNature and Camera : Summing Up Fifty Years Experience of Photograhing Flora and Fauna | ||
| 730 | _aNature and Camera : Summing Up Fifty Years Experience of Photograhing Flora and Fauna | ||
| 942 | _cBOOK | ||
| 999 |
_c591737 _d591734 |
||